1021 1026 1160 1498 1139 1262 1620 1695 1184 1727 1490 1431 1660 1893 1430 1606 1790 1355 1063 1229 1142 1250 1202 1888 1259 1726 1690 1280 1253 1452 1723 1134 1690 1464 1342 1957 1185 1248 1152 1775 1750 1160 1656 1789 1613 1592 1298 1850 1216 1741 1006 1043 1905 1580 1427 1469 1854 1617 1069 1419 1645 1018 1738 1931 1181 1512 1370 1380 1848 1332 1313 1452 1430 1678 1473 1181 1108 1061 1067 1801 1665 1438 1869 1309 1778 1992 1443 1258 1511 1371 1032 1102 1752 1988 1157 1068 1101 1857 1324 BCNSPRNW ULIB Ver.6.0+V

เปลี่ยนเป็นภาษาไทย

Change to English
 แสดงรายละเอียดบรรณานุกรม
  กลับหน้าหลัก

Brief Record : Get Marc (ISO 2709) : E-mail record : QR code < ปิดหน้าต่าง
LEADER : 00000nam 2200000uu 4500
001    13399111011
003     ULIB
008    110614s||||||||th 000 0 tha d
020    9749228375
050  4 AE71^bร495ส 2551
245 00 สารานุกรมรอบรู้ รอบโลก /^c[บรรณาธิการ, สุณี ธนาเลิศกุล...[และคนอื่นๆ] ; คณะผู้แปล, ศ.วิสุทธิ์ บุษยกุล ... [และคนอื่นๆ]
250    พิมพ์ครั้งที่ 6
260    กรุงเทพฯ :^bรีดเดอร์ส ไดเจสท์ (ประเทศไทย),^c2551
300    477 หน้า :^bภาพประกอบ ;^c28 ซม.
650  7 สารานุกรม
700 0  สุณี ธนาเลิศกุล,^eบรรณาธิการ
700 0  ศ.วิสุทธิ์ บุษยกุล,^eผู้แปล
710 2  รีดเดอร์ส ไดเจสท์ (ประเทศไทย)
945    ^p2750^l0^i027486
995    ทศพร
999 ^a ใช้งานได้ทุกระบบ
รายการนี้ยังไม่มีแท็ก
คุณยังไม่ได้ล็อกอิน คุณสามารถมีกิจกรรมร่วมกับเว็บไซต์ได้ แต่ต้องล็อกอินก่อน ::
  ล็อกอิน

รายการสื่อสารสนเทศ

ลำดับที่ ประเภท เลขเรียก/บาร์โค้ด สถานที่ สถานะ
- ไม่พบข้อมูล -

รายการใกล้เคียง
    หัวเรื่อง [สารานุกรม]

BibComment


ยังไม่เคยถูกคอมเมนท์

คอมเมนท์ทรัพยากรรายการนี้
  คอมเมนท์: สารานุกรมรอบรู้ ร..


 Copyright 2026. Bcnsprnw @Library